ARRUPE JESUIT UNIVERSITY

CORONAVIRUS -STOP THE SPREAD - CLEAN,DISINFECT,COVER

U.D.I: (Record no. 12784)

MARC details
000 -LEADER
fixed length control field 00461nam a2200193Ia 4500
003 - CONTROL NUMBER IDENTIFIER
control field 0100
005 - DATE AND TIME OF LATEST TRANSACTION
control field 20180309091005.0
008 - FIXED-LENGTH DATA ELEMENTS--GENERAL INFORMATION
fixed length control field 130303s9999 xx 000 0 und d
020 ## - INTERNATIONAL STANDARD BOOK NUMBER
International Standard Book Number 571103561
040 ## - CATALOGING SOURCE
Transcribing agency ARRUPELIB
050 ## - LIBRARY OF CONGRESS CALL NUMBER
Classification number DT962.75.G66
100 ## - MAIN ENTRY--PERSONAL NAME
Personal name Good, Robert C
9 (RLIN) 40469
245 ## - TITLE STATEMENT
Title U.D.I:
Remainder of title the international politics of the Rhodesian rebellion /
260 ## - PUBLICATION, DISTRIBUTION, ETC. (IMPRINT)
Place of publication, distribution, etc London
Name of publisher, distributor, etc Faber and Faber
Date of publication, distribution, etc 1973
300 ## - PHYSICAL DESCRIPTION
Extent 368p. 23cm
650 ## - SUBJECT ADDED ENTRY--TOPICAL TERM
Topical term or geographic name as entry element Rhodesia, Southern
General subdivision Politics
Chronological subdivision 1966-
9 (RLIN) 30002
700 ## - ADDED ENTRY--PERSONAL NAME
Personal name Robert C Good
9 (RLIN) 40470
942 ## - ADDED ENTRY ELEMENTS (KOHA)
Source of classification or shelving scheme Library of Congress Classification
Koha item type Monograph ( Printed materials)
Holdings
Withdrawn status Lost status Source of classification or shelving scheme Damaged status Not for loan Collection code Home library Current library Shelving location Date acquired Total Checkouts Full call number Barcode Date last seen Copy number Price effective from Koha item type
    Library of Congress Classification     Main Collection ARRUPE LIBRARY ARRUPE LIBRARY Main Collection 04/03/2013   DT962.75.G66 46600000517 07/12/2017 1 04/03/2013 Monograph ( Printed materials)
    Library of Congress Classification     SPECIAL Collection ARRUPE LIBRARY ARRUPE LIBRARY REFERENCE 24/10/2018   SPC DT962.75.G66 46600003014 24/10/2018   24/10/2018 SPC

 

Arrupe Library. PO Box MP320 Mt Pleasant, Harare, Zimbabwe
263 242 745411|librarian@aju.ac.zw